| 000 | 004480000a22001450004500 | ||
|---|---|---|---|
| 050 | 4 | _aCD 051 | |
| 100 | 1 | _aBolen, Todd | |
| 245 | 1 | 0 | _aPictorial Library of Bible Lands : Jerusalen, Judá, Egipto / Todd Bolen |
| 500 | _aEn este CD se encuentran las presentaciones Power Point de los Vol 3, 4, y 7 | ||
| 001 | 13619 | ||
| 942 | _cBK | ||
| 999 |
_c42576 _d42576 |
||
| 336 |
_atexto _btxt _2rdacontent |
||
| 337 |
_2rdamedia _asin mediación _bn |
||
| 338 |
_2rdacarrier _avolumen _bnc |
||